Sociedad y Teoría de Sistemas

Sábháilte in:
Sonraí bibleagrafaíochta
Príomhchruthaitheoirí: Rodríguez Mansilla, Darío (Údar), Arnold Cathalifaud, Marcelo (Údar)
Formáid: LEABHAR
Teanga:Spáinnis
Foilsithe / Cruthaithe: Santiago Universitaria 1991
Eagrán:1a. ed
Ábhair:
Clibeanna: Cuir clib leis
Níl clibeanna ann, Bí ar an gcéad duine le clib a chur leis an taifead seo!

MARC

LEADER 00000nam a2200000 a 4500
001 UCG1854
003 CL-VaPUC
008 100520e19911000CL |||||||||||||||||spa|d
020 |a 9561107626 
082 0 4 |a 303  |b ROD  |2 21 
100 0 |a Rodríguez Mansilla, Darío  |e author  |9 549937 
700 0 |a Arnold Cathalifaud, Marcelo  |e author  |9 549938 
245 1 0 |a Sociedad y Teoría de Sistemas 
250 |a 1a. ed 
300 |a 194 p 
942 |c BK 
945 |d 20100520 00:00:00  |a dcastane 
260 |a Santiago  |b Universitaria  |c 1991 
650 0 |a Teoría de sistemas  |9 260742 
650 0 |a Sociología   |9 255410 
650 0 |a Sociedad  |9 307903 
583 |a last modification  |c 20100520 00:00:00  |k Rodrigo Vera 
999 |c 341112  |d 341110 
952 |0 0  |1 0  |4 0  |6 303_000000000000000_ROD_1991  |7 0  |8 A  |9 436391  |a BIBEDU  |b BIBEDU  |d 2019-11-22  |i 4678540  |o 303 ROD 1991  |p 4678540  |r 2019-11-22  |w 2019-11-22  |y BK  |k EPE